| 000 | 00685nam a22001937a 4500 | ||
|---|---|---|---|
| 005 | 20251108175423.0 | ||
| 008 | 250721s1992 xx 000 0 ara d | ||
| 082 | 1 | 4 | _a649/عبي |
| 100 | 1 | _aعبيد، أنطوان | |
| 245 | 1 | 0 |
_aأربي ولدي : _bآخر مستجدات علوم النفس و التربية و التغذية حول التنشئة السوية للطفل منذ ولادته حتى دخوله المدرسة / |
| 264 | 1 |
_aبيروت : _bدار الجيل، _c1992. |
|
| 300 | _a478ص | ||
| 650 | 1 | 7 | _aتنشئة الأطفال |
| 650 | 1 | 7 | _aالتربية |
| 650 | 1 | 7 | _aالتغذية |
| 650 | 1 | 7 | _aالأطفال |
| 942 |
_2ddc _cBK |
||
| 999 |
_c133703 _d133703 |
||